| 000 | 00766nam a2200253 ar4500 | ||
|---|---|---|---|
| 001 | 4637 | ||
| 005 | 20221127091009.0 | ||
| 006 | a a 000 0 | ||
| 008 | 170309 su a | 000 0|eng d | ||
| 090 | _aSP-A | ||
| 100 | 1 | _aAl Khulayfi, Mohammad. | |
| 245 | 1 | 0 |
_aAttendance taking system(ATS) / _cby Mohammad Al Khulayfi, Mohammad Daftardar. |
| 260 | _c[201-]. | ||
| 300 |
_a66 leaves : _bill.(chiefly col..) ; _c30 cm. |
||
| 500 | _aSupervisor: Dr. Abdullaziz Al-Maziad. | ||
| 504 | _aIncludes bibl. references. | ||
| 526 | 0 | _aStudent project. | |
| 563 | _aHard bound. | ||
| 650 | 4 | _aAndroid(Electronic resource). | |
| 650 | 4 | _aWeb services. | |
| 650 | 4 | _aInternet programming. | |
| 650 | 4 | _aAttendance officers. | |
| 700 | 0 | _aDaftardar, Mohammad. | |
| 999 |
_c4635 _d4635 |
||